00462nam a2200181Ia 4500003000900000008004100009020001800050040001600068080001200084100002000096245006200116250001200178260003800190300001500228650001400243650001000257650001300267IN-BaIIA211028s9999 xx 000 0 eng d a0-03-033488-8 cIIA Library a52bPAS aPasachoff, J. M 0aAstronomybfrom the earth to the universecJ.M. Pasachoff a6th ed. aAustraliabThomson Learningc2002 axxv, 816p. aastronomy aearth auniverse